Top Premier League Scorers 2023/24 - Statistics

General Stats
  • This quiz has been taken 227 times
  • The average score is 21 of 30
Answer Stats
Goals Club Player % Correct
27 Manchester City Erling Haaland
100%
18 Liverpool Mohamed Salah
98%
22 Chelsea Cole Palmer
96%
17 Tottenham Hotspur Son Heung-Min
94%
19 Manchester City Phil Foden
92%
21 Newcastle United Alexander Isak
90%
16 Arsenal Bukayo Saka
89%
19 Aston Villa Ollie Watkins
89%
19 Bournemouth Dominic Solanke
76%
11 Liverpool Darwin Núñez
75%
11 Crystal Palace Eberechi Eze
75%
13 Arsenal Kai Havertz
75%
14 Chelsea Nicolas Jackson
73%
16 West Ham United Jarrod Bowen
71%
10 Manchester United Bruno Fernandes
70%
16 Crystal Palace Jean-Philippe Mateta
67%
10 Crystal Palace Michael Olise
65%
14 Nottingham Forest Chris Wood
63%
11 Manchester City Julián Álvarez
62%
10 Manchester United Rasmus Højlund
60%
10 Liverpool Diogo Jota
59%
11 Newcastle United Anthony Gordon
57%
12 Wolverhampton Wanderers Matheus Cunha
57%
12 Arsenal Leandro Trossard
54%
12 Brentford Yoane Wissa
51%
11 Tottenham Hotspur Richarlison
48%
12 Wolverhampton Wanderers Hwang Hee-Chan
45%
10 Aston Villa Leon Bailey
40%
11 Luton Town Carlton Morris
35%
10 Luton Town Elijah Adebayo
33%
No matching quizzes found
Score Distribution
Percent of People with Each Score
Percentile by Number Answered
Your Score History
You have not taken this quiz